| 000 | 00000nam 2200000za 4500 |
| 001 | 9.853848 |
| 003 | CaOODSP |
| 005 | 20230124091946 |
| 007 | cr ||||||||||| |
| 008 | 180319s2017 onc ob f000 0 fre d |
| 040 | |aCaOODSP|bfre |
| 043 | |an-cn--- |
| 086 | 1 |aYM32-3/421-C50F-PDF |
| 100 | 1 |aLithwick, Dara. |
| 245 | 10|aProjet de loi C-50 |h[ressource électronique] : |bLoi modifiant la Loi électorale du Canada (financement politique) / |cDara Lithwick, Sebastian Spano, Division des affaires juridiques et sociales, Service d'information et de recherche parlementaires. |
| 246 | 30|aLoi modifiant la Loi électorale du Canada (financement politique) |
| 260 | |aOttawa : |bBibliothèque du Parlement, |c2017. |
| 300 | |ai, 12 p. |
| 490 | 1 |aRésumé législatif ; |vpublication n° 42-1-C50-F |
| 500 | |aPubl. aussi en anglais sous le titre : Bill C-50: an Act to amend the Canada Elections Act (political financing). |
| 500 | |aTitre de la couv. |
| 500 | |a« Le 13 septembre 2017. » |
| 504 | |aComprend des références bibliographiques. |
| 520 | |a« Le projet de loi C-50, Loi modifiant la Loi électorale du Canada (financement politique), a été déposé à la Chambre des communes par la ministre des Institutions démocratiques le 31 mai 2017. Il a franchi l’étape de la deuxième lecture et a été renvoyé au Comité permanent de la procédure et des affaires de la Chambre des communes le 15 juin 2017. Le projet de loi C-50 porte sur le financement politique. Il exige des partis politiques qu’ils annoncent publiquement les activités de financement auxquelles participent les ministres, les chefs de parti ou les candidats à la direction lorsqu’il faut faire une contribution d’au moins 200 $ pour y assister. Il édicte également un régime de production de rapports sur ces activités » -- Contexte, p. 1. |
| 692 | 07|2gccst|aCandidat |
| 692 | 07|2gccst|aParti politique |
| 692 | 07|2gccst|aCollecte de fonds |
| 692 | 07|2gccst|aLégislation |
| 700 | 1 |aSpano, Sebastian. |
| 710 | 1 |aCanada. |bBibliothèque du Parlement. |
| 710 | 1 |aCanada. |bService d'information et de recherche parlementaires. |
| 775 | 08|tBill C-50 |w(CaOODSP)9.853845 |
| 830 | #0|aRésumé législatif (Canada. Service d'information et de recherche parlementaires)|vpublication n° 42-1-C50-F.|w(CaOODSP)9.501179 |
| 856 | 40|qPDF|s335 Ko|uhttps://publications.gc.ca/collections/collection_2018/bdp-lop/ls/YM32-3-421-C50-fra.pdf |